La protection sociale du clergé: histoire et institutions ecclesiales

Salvato in:
Dettagli Bibliografici
Autore principale: Dole, Georges (Autore)
Natura: Libro
Lingua:francese
Pubblicazione: París Librairie Générale de Droit et de Jurisprudence 1980
Serie:Bibliothèque d'Histoire du Droit et Droit Romain, 22
Soggetti:
Tags: Aggiungi Tag
Nessun Tag, puoi essere il primo ad aggiungerne!!

MARC

LEADER 00000nam a2200000 a 4500
001 UCL2973
003 CL-VaPUC
008 031107e19800000FR |||||||||||||||||fre|d
082 0 4 |a 262.9  |b DOL  |2 21 
100 0 |a Dole, Georges  |e author  |9 480207 
245 1 3 |a La protection sociale du clergé: histoire et institutions ecclesiales 
300 |a 222 p 
942 |c BK 
945 |d 20031107 00:00:00  |a cmena 
260 |a París  |b Librairie Générale de Droit et de Jurisprudence  |c 1980 
650 7 |a DERECHO CANONICO  |2 CL-VaPUC  |9 480208 
650 0 |a Derecho eclesiástico  |9 255055 
650 0 |a Sacerdotes   |9 315705 
650 0 |a Historia de la iglesia   |9 257565 
583 |a last modification  |c 20031107 00:00:00  |k Rodrigo Vera 
490 0 |a Bibliothèque d'Histoire du Droit et Droit Romain, 22 
999 |c 306132  |d 306130 
952 |0 0  |1 0  |4 0  |6 262_900000000000000_DOL_1980  |7 0  |8 A  |9 370891  |a BIBDER  |b BIBDER  |d 2019-11-21  |i 3934934  |o 262.9 DOL 1980  |p 3934934  |r 2023-01-25  |w 2019-11-21  |y BK  |k DER